<?xml version="1.0" encoding="UTF-8"?>
<record
    xmlns:xsi="http://www.w3.org/2001/XMLSchema-instance"
    xsi:schemaLocation="http://www.loc.gov/MARC21/slim http://www.loc.gov/standards/marcxml/schema/MARC21slim.xsd"
    xmlns="http://www.loc.gov/MARC21/slim">

  <leader>00702nam a22002294i 4500</leader>
  <datafield tag="999" ind1=" " ind2=" ">
    <subfield code="c">7686</subfield>
    <subfield code="d">7686</subfield>
  </datafield>
  <controlfield tag="001">991060869217906706</controlfield>
  <controlfield tag="003">OSt</controlfield>
  <controlfield tag="005">20230329111925.0</controlfield>
  <controlfield tag="008">221220s2022    sp |||||||||||||| ||spa|c</controlfield>
  <datafield tag="020" ind1=" " ind2=" ">
    <subfield code="a">9788441546233</subfield>
  </datafield>
  <datafield tag="040" ind1=" " ind2=" ">
    <subfield code="a">ES-TaURV</subfield>
    <subfield code="b">cat</subfield>
    <subfield code="e">rda</subfield>
    <subfield code="c">CDMR</subfield>
  </datafield>
  <datafield tag="100" ind1="1" ind2=" ">
    <subfield code="a">Kim, Sangkyun,</subfield>
  </datafield>
  <datafield tag="245" ind1="1" ind2="3">
    <subfield code="a">El metaverso:</subfield>
    <subfield code="b">un viaje hacia la tierra digital /</subfield>
    <subfield code="c">Sangkyun Kim</subfield>
  </datafield>
  <datafield tag="264" ind1=" " ind2="1">
    <subfield code="a">Madrid:</subfield>
    <subfield code="b">Anaya Multimedia ,</subfield>
    <subfield code="c">[2022]</subfield>
  </datafield>
  <datafield tag="300" ind1=" " ind2=" ">
    <subfield code="a">271 p&#xE0;gines :</subfield>
    <subfield code="b">il&#xB7;lustracions ;</subfield>
    <subfield code="c">24 cm</subfield>
  </datafield>
  <datafield tag="546" ind1=" " ind2=" ">
    <subfield code="a">Traducci&#xF3; de: The metaverse: the digital Earth - The world of rising trends</subfield>
  </datafield>
  <datafield tag="650" ind1=" " ind2="7">
    <subfield code="a">Realitat virtual</subfield>
    <subfield code="2">lemac</subfield>
  </datafield>
  <datafield tag="650" ind1=" " ind2="0">
    <subfield code="a">Metavers</subfield>
    <subfield code="9">4829</subfield>
  </datafield>
  <datafield tag="908" ind1=" " ind2=" ">
    <subfield code="a">URV</subfield>
  </datafield>
  <datafield tag="940" ind1=" " ind2=" ">
    <subfield code="a">URV</subfield>
  </datafield>
  <datafield tag="942" ind1=" " ind2=" ">
    <subfield code="2">udc</subfield>
    <subfield code="c">MON</subfield>
  </datafield>
  <datafield tag="952" ind1=" " ind2=" ">
    <subfield code="0">0</subfield>
    <subfield code="1">0</subfield>
    <subfield code="4">0</subfield>
    <subfield code="7">0</subfield>
    <subfield code="a">CDMR</subfield>
    <subfield code="b">CDMR</subfield>
    <subfield code="d">2023-03-29</subfield>
    <subfield code="e">Donaci&#xF3;</subfield>
    <subfield code="g">26.00</subfield>
    <subfield code="l">1</subfield>
    <subfield code="m">1</subfield>
    <subfield code="o">Cq /48</subfield>
    <subfield code="p">CDMR22100007</subfield>
    <subfield code="r">2023-07-17</subfield>
    <subfield code="s">2023-04-24</subfield>
    <subfield code="w">2023-03-29</subfield>
    <subfield code="y">MON</subfield>
  </datafield>
</record>
